| 000 | 00551nam a2200229Ia 4500 | ||
|---|---|---|---|
| 008 | 210210b1905 xxu||||| |||| 00| 0 eng d | ||
| 041 | _aeng | ||
| 082 | _a030/36 | ||
| 100 | _aFARMER (John S) | ||
| 245 | _aDictionary of slang and colloquial english | ||
| 260 |
_aLondon _bGeorge Routledge and Sons Limited _c1905 |
||
| 300 | _aviii,533 | ||
| 650 | _aslang | ||
| 650 | _aof | ||
| 650 | _aenglish | ||
| 650 | _aDictionary | ||
| 650 | _acolloquial | ||
| 650 | _aand | ||
| 690 | _aDictionaries | ||
| 700 | _a(HENLEY (W E) | ||
| 906 | _a000084 | ||
| 999 |
_c76612 _d76612 |
||